000
00317pab a2200133 454500
008
180718b1988 xxu||||| |||| 00| 0 eng d
245
_a
Special issue on First National Water convention
260
_c
1988
300
_a
1-36
362
_a
Jan.-Mar.
650
_a
Water Supply
773
_a
Bhagirath
909
_a
20611
999
_c
20611
_d
20611